|
|
|
|
| LEADER |
00697cam a2200205 7i4500 |
| 001 |
0000045889 |
| 005 |
20130306090000.0 |
| 020 |
|
|
|a 9789675226779 (pbk.)
|
| 090 |
0 |
0 |
|a HF5415.126
|b .M242 2010
|
| 100 |
0 |
|
|a Mohd Rozani Pawan Chek
|
| 245 |
1 |
0 |
|a Mega leader MLM :
|b bimbing dan komunikasi
|c Rozani Pawan Chek.
|
| 260 |
|
|
|a Batu Caves, Selangor:
|b PTS Professional Pub.,
|c 2010.
|
| 300 |
|
|
|a xv, 138 p.;
|c 19 cm.
|
| 490 |
0 |
|
|a Mega leader MLM
|
| 650 |
0 |
0 |
|a Multilevel marketing
|
| 650 |
0 |
0 |
|a Direct marketing
|
| 650 |
0 |
0 |
|a Communication in marketing
|
| 650 |
0 |
0 |
|a Advertising
|
| 999 |
|
|
|a 0000055230
|b BOK
|c OPEN SHELF
|e 1st Floor, Bestari Jaya
|
| 999 |
|
|
|a 0000055231
|b BOK
|c OPEN SHELF
|e 1st Floor, Shah Alam
|